Труды Всесоюзного научно-исследовательского маркшейдерского института. Вып.12: Интерпретация результатов наблюдений за сдвижением пород, окружающих горную выработку (Запись № 2100889)

Подробности
000 -МАРКЕР
контрольное поле 01526nam2a22002531 4500
001 - ИДЕНТИФИКАТОР ЗАПИСИ
контрольное поле RU\NLR\INFOCOMM15\1000063126
005 - ИДЕНТИФИКАТОР ВЕРСИИ
контрольное поле 20250617152851.0
035 ## - ДРУГИЕ СИСТЕМНЫЕ НОМЕРА
Идентификатор записи (NLR Aleph) 002746442
100 ## - ДАННЫЕ ОБЩЕЙ ОБРАБОТКИ
Данные общей обработки 20040129d1940 |||y0rusy50 ca
101 0# - ЯЗЫК РЕСУРСА
Язык текста, звукозаписи и т.д. русский
102 ## - СТРАНА ПУБЛИКАЦИИ ИЛИ ПРОИЗВОДСТВА
Страна публикации российская федерация
105 ## - ПОЛЕ КОДИРОВАННЫХ ДАННЫХ: ТЕКСТОВЫЕ МАТЕРИАЛЫ, МОНОГРАФИЧЕСКИЕ
Кодированные данные о монографическом текстовом документе y |||||||||
200 1# - ЗАГЛАВИЕ И СВЕДЕНИЯ ОБ ОТВЕТСТВЕННОСТИ
Основное заглавие Интерпретация результатов наблюдений за сдвижением пород, окружающих горную выработку
Первые сведения об ответственности Авершин С.Г.
210 ## - ПУБЛИКАЦИЯ, РАСПРОСТРАНЕНИЕ И ДР.
Дата издания, распространения и т.д. 1940
Место издания, распространения и т.д. Б. м.
461 #0 - УРОВЕНЬ НАБОРА
Встроенное поле 001RU\NLR\INFOCOMM15\1000063114
-- 2001#$aТруды Всесоюзного научно-исследовательского маркшейдерского института$fВНИМИ - Всесоюз. науч.-исслед. маркшейдерский ин-т$vВып.12
Системный номер (АБИС) связанной записи 2100845
Автор ВНИИ горной геомеханики и маркшейдерского дела (Ленинград)
Место публикации М.
Дата публикации 1934-
Первые сведения об ответственности ВНИМИ - Всесоюз. науч.-исслед. маркшейдерский ин-т
Имя издателя, распространителя и т.д. Углетехиздат
Заглавие Труды Всесоюзного научно-исследовательского маркшейдерского института
Номер тома Вып.12
700 #1 - ИМЯ ЛИЦА - ПЕРВИЧНАЯ ОТВЕТСТВЕННОСТЬ
Код отношения Автор
Графика поля Кириллица
Материалы, к которым относится поле rus
Начальный элемент ввода Авершин
Часть имени, кроме начального элемента ввода С. Г.
Даты 1901-1972
Расширение инициалов личного имени Степан Гаврилович
Системный номер авторитетной/нормативной записи 168636
Идентификатор авторитетной/нормативной записи RU\NLR\AUTH\770168685
801 #1 - ИСТОЧНИК ЗАПИСИ
Страна российская федерация
Организация InfoComm
Дата составления 20040129
801 #0 - ИСТОЧНИК ЗАПИСИ
Страна российская федерация
Организация NLR
Правила каталогизации PSBO
852 ## - МЕСТОНАХОЖДЕНИЕ И ШИФР ХРАНЕНИЯ
Идентификатор организации NLR
Шифр хранения (Call Number) П10/151
942 ## - ДОПОЛНИТЕЛЬНЫЕ ЭЛЕМЕНТЫ ЗАПИСИ (АБИС)
Тип экземпляра АБИС Выпуск
980 ## - КОЛЛЕКЦИЯ
Название коллекции Национальная библиография
980 ## - КОЛЛЕКЦИЯ
Название коллекции Русская периодика

Нет доступных экземпляров.